|
|
|
|
| LEADER |
00739cam a2200205 a 4500 |
| 001 |
0000075033 |
| 005 |
20050728090000.0 |
| 040 |
|
|
|a mod
|
| 041 |
|
|
|a eng
|
| 020 |
0 |
0 |
|a 9839559958
|
| 090 |
0 |
0 |
|a 658.4038011
|b MOH
|e 2001
|
| 100 |
0 |
0 |
|a Mohamad Hisyam Selamat
|
| 245 |
1 |
0 |
|a Sistem maklumat organisasi dari perspektif perakaunan
|c Mohamad Hisyam Selamat dan Md Suhaimi Md Saleh
|
| 260 |
0 |
0 |
|a Sintok
|b Penerbit Universiti Utara Malaysia
|c 2001
|
| 300 |
0 |
0 |
|a ix, 206 p.
|b ill.
|c 26 cm
|
| 650 |
0 |
0 |
|a Management information systems
|
| 650 |
0 |
0 |
|a Managerial acounting
|
| 700 |
1 |
1 |
|a Md Suhaimi Md Saleh
|
| 999 |
|
|
|a 0232078
|b KD Malaya
|d BOOKS
|e Umum
|f KD MALAYA
|j AVAILABLE
|q GOOD CONDITION
|
| 999 |
|
|
|a 0237358
|b KD Malaya
|d BOOKS
|e Umum
|f KD MALAYA
|j AVAILABLE
|q GOOD CONDITION
|